000 00595nam a2200193Ia 4500
005 20260114185636.0
008 008 260114s9999 xx 000 0 eng d
020 _a9781474228497
037 _aEBOOK
040 _aCRL
_beng
_cCRL
041 _aeng
_2eng
084 _qCRL
100 _aS. P. MacKenzie
_9872585
245 4 _aThe Battle of Britain on Screen ?The Few? in British Film and Television Drama
260 _bBloomsbury
_c2016
856 _uhttps://doi.org/10.5040/9781474228497?locatt=label:secondary_bloomsburyCollections
942 _cEBOOK
999 _c1471533
_d1471533